000 00688nam a2200217Ia 4500
008 191130s1996##################000#0#eng##
020 _a9780415912785
022 _a96021096
040 _aACL
_cACL
082 _a362.198178 FAR
100 _aFarquhar, Dion
245 _aThe other machine : discourse and reproductive technologies
_cDion Farquhar
260 _aNew York ; London
_bRoutledge
_c1996
300 _axii, 258 p. ; 24 cm
500 _aIncludes bibliographical references (p. 235-246) and indexes
650 _aFeminism
650 _aHuman reproductive technology - Social aspects
990 _ac0621db0ac10000c1b5652db91c00d55
991 _a356462
999 _c62283
_d62283